000 00474pam a2200181a 44500
008 230405s2001 xxu||||| |||| 00| 0 eng d
020 _a0803608160
_cRs. 875
082 _a610.73076
_bLAG
100 _aLagerquist,Sally L.
245 _aDavis's NCLEX-RN Success
260 _aPhiladelphia
_bF.A. Davis Company
_c2001
300 _a905 p
502 _atext
700 _aNelson,Robyn
700 _aMorrison,Bobbi
700 _aColombraro,Geraldine
906 _a000196
999 _c248910
_d248910